Salt & fresh water Fish by picture (updated) - Statistics

General Stats
  • This quiz has been taken 19 times
    13 since last reset
  • The average score is 11 of 16
Answer Stats
Picture Answer % Correct
Gold fish
100%
Rainbow trout
100%
Tuna
92%
Koi
83%
Puffer fish
83%
Barracuda
75%
Crappie
75%
Lion fish
75%
Manta ray
67%
Parrot fish
58%
Sturgeon
58%
Trigger fish
58%
Brown trout
50%
Catfish
50%
Yellow Perch
33%
Unicorn tang
17%
No matching quizzes found
Score Distribution
Percent of People with Each Score
Percentile by Number Answered
Your Score History
You have not taken this quiz since the last reset